000 00336nam a2200121 a 4500
005 20140414131856.0
008 100828s19uu xx 00 eng d
050 _aFIL
_bB46 2001
100 _aVillanueva, Rene O.
245 _aBertdey ni Guido :
_bGuido's birthday.
260 _aManila, Philippines :
_bLampara,
_c2001.
999 _c110481
_d110481